000 00413nam a2200145 a 4500
005 20140412111303.0
008 001117s19uu xx 00 eng d
050 _aER
_bHu86 1996
100 _aDandi
245 _aThe hunchback of Notre dame /
_cretold by Dandi.
260 _aAshland, Ohio :
_bLandoll, Inc,
_c1996.
300 _a1 v. (unp) ; col. ; ill.
650 _aFrance--History--Fiction
999 _c103523
_d103523